000 00618cam a22002051 4500
001 ne 62000893
003 DLC
005 20260227111736.0
008 940204s1961 ua 000 0 ararc
010 _ane 62000893
035 _a(OCoLC)29748823
040 _aPrinceton Univ. Libr.
_cCU
_dCU
_dDLC
042 _apremarc
050 0 0 _aPJ7515
_b.T32
100 1 _aḤusayn, Ṭāhā,
_d1889-1973.
245 1 0 _aMin ḥadīth al-shiʻr wa-al-nathr /
_c[taʼlīf] Ṭāha Ḥusayn.
260 _aMiṣr :
_bDār al-Maʻārif,
_c1961.
300 _a174 p. ;
_c25 cm.
650 0 _aArabic literature
_xHistory and criticism.
999 _c45149
_d45149